<?xml version="1.0" encoding="UTF-8"?>
<record
    xmlns:xsi="http://www.w3.org/2001/XMLSchema-instance"
    xsi:schemaLocation="http://www.loc.gov/MARC21/slim http://www.loc.gov/standards/marcxml/schema/MARC21slim.xsd"
    xmlns="http://www.loc.gov/MARC21/slim">

  <leader>01973cam a2200361   4500500</leader>
  <controlfield tag="005">20260222011929.0</controlfield>
  <datafield tag="041" ind1=" " ind2=" ">
    <subfield code="a">fre</subfield>
  </datafield>
  <datafield tag="042" ind1=" " ind2=" ">
    <subfield code="a">dc</subfield>
  </datafield>
  <datafield tag="100" ind1="1" ind2="0">
    <subfield code="a">Perget, Florent</subfield>
    <subfield code="e">author</subfield>
  </datafield>
  <datafield tag="245" ind1="0" ind2="0">
    <subfield code="a">Ayako d&#x2019;Osamu Tezuka ou l&#x2019;enfance mise en cage</subfield>
  </datafield>
  <datafield tag="260" ind1=" " ind2=" ">
    <subfield code="c">2024.
							</subfield>
  </datafield>
  <datafield tag="500" ind1=" " ind2=" ">
    <subfield code="a">34</subfield>
  </datafield>
  <datafield tag="520" ind1=" " ind2=" ">
    <subfield code="a">Tezuka&#x2019;s Ayako &#x2013; which depicts the story of little Ayako Teng&#xE9;, an incestuous child born of a patriarch&#x2019;s oppression and sentenced in a family court to live sequestered &#x2013; gives us a striking example of child abuse. The following article proposes to question the way Tezuka puts this irregular childhood intro frames, by studying the pattern of confinement and its role on the representation of sequestration as well as on the diegetic structure of the manga.</subfield>
  </datafield>
  <datafield tag="520" ind1=" " ind2=" ">
    <subfield code="a">Dans Ayako, Tezuka donne un exemple frappant d&#x2019;enfance irr&#xE9;guli&#xE8;re : enfant incestueuse n&#xE9;e de l&#x2019;oppression d&#x2019;un patriarche sur les membres de sa famille, la petite Ayako Teng&#xE9; est condamn&#xE9;e lors d&#x2019;un tribunal familial &#xE0; vivre s&#xE9;questr&#xE9;e. Le pr&#xE9;sent article se propose d&#x2019;interroger la mani&#xE8;re dont l&#x2019;auteur met en case cette enfance ill&#xE9;gitime, par l&#x2019;&#xE9;tude du motif de l&#x2019;enfermement et de son r&#xF4;le sur la repr&#xE9;sentation de la s&#xE9;questration ainsi que sur la construction di&#xE9;g&#xE9;tique du manga.</subfield>
  </datafield>
  <datafield tag="690" ind1=" " ind2=" ">
    <subfield code="a">bande dessin&#xE9;e</subfield>
  </datafield>
  <datafield tag="690" ind1=" " ind2=" ">
    <subfield code="a">enfance ill&#xE9;gitime</subfield>
  </datafield>
  <datafield tag="690" ind1=" " ind2=" ">
    <subfield code="a">enfance irr&#xE9;guli&#xE8;re</subfield>
  </datafield>
  <datafield tag="690" ind1=" " ind2=" ">
    <subfield code="a">inceste</subfield>
  </datafield>
  <datafield tag="690" ind1=" " ind2=" ">
    <subfield code="a">manga</subfield>
  </datafield>
  <datafield tag="690" ind1=" " ind2=" ">
    <subfield code="a">Osamu Tezuka</subfield>
  </datafield>
  <datafield tag="690" ind1=" " ind2=" ">
    <subfield code="a">s&#xE9;questration</subfield>
  </datafield>
  <datafield tag="690" ind1=" " ind2=" ">
    <subfield code="a">violence</subfield>
  </datafield>
  <datafield tag="690" ind1=" " ind2=" ">
    <subfield code="a">comics</subfield>
  </datafield>
  <datafield tag="690" ind1=" " ind2=" ">
    <subfield code="a">illegitimate childhood</subfield>
  </datafield>
  <datafield tag="690" ind1=" " ind2=" ">
    <subfield code="a">incest</subfield>
  </datafield>
  <datafield tag="690" ind1=" " ind2=" ">
    <subfield code="a">irregular childhood</subfield>
  </datafield>
  <datafield tag="690" ind1=" " ind2=" ">
    <subfield code="a">manga</subfield>
  </datafield>
  <datafield tag="690" ind1=" " ind2=" ">
    <subfield code="a">Osamu Tezuka</subfield>
  </datafield>
  <datafield tag="690" ind1=" " ind2=" ">
    <subfield code="a">sequestration</subfield>
  </datafield>
  <datafield tag="690" ind1=" " ind2=" ">
    <subfield code="a">violence</subfield>
  </datafield>
  <datafield tag="786" ind1="0" ind2=" ">
    <subfield code="n">L'irr&#xE9;guli&#xE8;re | 26 | 1 | 2024-09-23 | p. 41-56 | 1962-9419</subfield>
  </datafield>
  <datafield tag="856" ind1="4" ind2="1">
    <subfield code="u">https://shs.cairn.info/revue-d-histoire-de-l-enfance-irreguliere-2024-1-page-41?lang=fr&amp;redirect-ssocas=7080</subfield>
  </datafield>
  <datafield tag="999" ind1=" " ind2=" ">
    <subfield code="c">1670029</subfield>
    <subfield code="d">1670029</subfield>
  </datafield>
</record>
